000
00347pab a2200157 454500
008
180718b2009 xxu||||| |||| 00| 0 eng d
100
_a
Vanitha, B.
245
_a
Street children of Coimbatore
260
_c
2009
300
_a
p.24-28.
362
_a
May
650
_a
Street children
773
_a
Social Work
908
_a
N
909
_a
82216
999
_c
82216
_d
82216